000 00412cam a2200169 4500
001 D13462
008 090401t1917 xxu||||| |||| 00| 0 eng d
035 _a(Sirsi) u94439
041 _aeng
100 _aMonkhouse, Cosmo
245 2 _aA concise history of painting by Mrs Charles Heaton
260 _aLondon
_bG Bell & Sons
_c1917
350 _a0
520 _aShelf 106
942 _n0
948 _c04/03/1997
999 _c98038
_d98038